| 000 | 00559nam a2200181 a 4500 | ||
|---|---|---|---|
| 005 | 20240910064224.0 | ||
| 008 | 040831s1994 mx r 000 0 spa d | ||
| 020 | _a970620587X | ||
| 035 | _aUPN01000134456 | ||
| 049 | _aCG | ||
| 050 | 4 |
_aGN29 _bD3.4 |
|
| 245 | 0 | 0 |
_aDe lo local a lo global : _bperspectivas desde la antropología / _cNestor García Canclini ... [et al.]. |
| 260 |
_aMéxico : _bUAM-Iztapalapa, _c1994. |
||
| 300 | _a189 p. | ||
| 650 | 2 |
_aAntropología _94499 |
|
| 700 | 1 |
_aGarcía Canclini, Néstor, _d1939- _ecoaut. _930963 |
|
| 905 | _aLibro | ||
| 999 |
_c106607 _d106607 |
||